Metody komplexního hodnocení podniku

Salvato in:
Dettagli Bibliografici
Autore principale: Vochozka, Marek (Autore)
Natura: Libro
Lingua:ceco
Pubblicazione: Praha : Grada Publishing, 2011
Serie:Finanční řízení
Soggetti:
Tags: Aggiungi Tag
Nessun Tag, puoi essere il primo ad aggiungerne!!

MARC

LEADER 00000nam a22000003a 4500
001 stu260788
005 20190206132506.7
008 130114s2011----xr------------------cze-d
020 |a 978-80-247-3647-1 
040 |a STU  |b slo 
041 0 |a cze 
044 |a xr 
080 |a 658.1 
100 1 |a Vochozka, Marek  |4 aut 
245 1 |a Metody komplexního hodnocení podniku 
260 |a Praha :  |b Grada Publishing,  |c 2011 
300 |a 246 s 
650 7 |a finančná analýza  |2 stusub 
650 7 |a podnikové financie  |2 stusub 
650 7 |a oceňovanie podnikov  |2 stusub 
830 0 |a Finanční řízení 
996 |b 284M084607  |c M*13401-1  |l MMKN  |s A  |a 24  |w stu260788_0001 
996 |b 284M084608  |c M*13401-2  |l MMST  |s A  |a 24  |w stu260788_0002